College Quizbowl Stats
College Quizbowl Stats
Circuits
Seasons
Sets
Records
Detailed Stats
About
Loading...
Northern California
Tossups
Bonuses
Players
Teams
Categories (Tossup)
Categories (Bonus)
Aditya Koushik
Syracuse A
Categories
Category
Powers
Gets
Negs
BBs
Points
Earliest Buzz
Avg. Buzz
First Buzzes
Top 3 Buzzes
BPA
PVF
Science - Chemistry
0
2
0
1
20
110
116.00
0
1
0.00
0.00
Fine Arts - Other
0
0
0
0
0
0.00
0
0
0.00
0.00
Science - Biology
0
1
2
1
0
105
105.00
0
0
0.00
0.00
Buzzes
Category
Answer
Value
Buzz Position
Science - Biology
sodium
-5
69
Science - Biology
vitamin D
-5
75
Science - Biology
liver
10
105
Science - Chemistry
amines
10
110
Science - Chemistry
oxidation state
0
115
Science - Chemistry
combustion
10
122
Fine Arts - Other
New York City
0
145
Previous
1
Next